Personnages des ligues Pokémon (Champions d'arène, Conseil 4, Maîtres) - Statistiques

Statistiques générales
  • Ce quiz a été pris 71 fois
  • Le résultat moyen est 82 sur 122
Statistiques - réponses
Nom % Correct
Ondine
98%
Pierre
98%
Pierre Rochard
98%
Peter
94%
Giovanni
92%
Major Bob
90%
Blue
88%
Cynthia
88%
Iris
86%
Koga
86%
Marc
86%
Norman
86%
Roxanne
86%
Erika
84%
Jasmine
84%
Morgane
84%
Aldo
82%
Auguste
82%
Bastien
82%
Inezia
82%
Pierrick
82%
Adrien
80%
Albert
80%
Bardane
80%
Blanche
80%
Sandra
80%
Flo
78%
Noa
78%
Rachid
78%
Tcheren
78%
Voltère
78%
Alizée
76%
Charles
76%
Chuck
76%
Gladys
76%
Hector
76%
Lem
76%
Mortimer
76%
Spectra
76%
Tanguy
76%
Watson
76%
Adriane
73%
Agatha
73%
Carolina
73%
Frédo
73%
Jeannine
73%
Lovis
73%
Olga
73%
Professeur Euphorbe
73%
Zhu
73%
Aaron
71%
Aloé
71%
Armando
71%
Artie
71%
Clément
71%
Dianthéa
71%
Juan
71%
Kiméra
71%
Kunz
71%
Lévy
71%
Marion
71%
Strykna
71%
Tatia
71%
Terry
71%
Glacia
69%
Malva
69%
Narcisse
69%
Roy
69%
Tarak
69%
Urup
69%
Aragon
67%
Damien
67%
Donna
67%
Dracéna
67%
Lino
67%
Peterson
67%
Travis
67%
Violette
67%
Alistair
65%
Cornélia
65%
Goyah
65%
Kabu
65%
Mélina
65%
Amana
63%
Astera
63%
Rosemary
63%
Thyméo
63%
Valériane
63%
Amaro
61%
Chaz
61%
Faïza
61%
Lucio
61%
Percy
61%
Pieris
61%
Sally
61%
Tili
61%
Mashynn
59%
Pectorius
59%
Lona
57%
Margie
57%
Alyxia
55%
Anis
55%
Percila
55%
Kahili
53%
Molène
53%
Grusha
49%
Colza
47%
Trace
45%
Okuba
43%
Kombu
39%
Laïm
39%
Alisma
37%
Tully
37%
Éra
35%
Kassis
33%
Popi
33%
Cayenn
29%
Irido
27%
Taro
24%
Hassa
22%
Rubépin
20%
Nérine
18%
Aucun quiz correspondant
Distribution des résultats
% des personnes avec chaque résultat
Percentile par nombre de réponses
Votre historique - résultats
Vous n’avez pas pris ce quiz